Statistiques concernant Trouvez la ville correspondant à l'équipe de sport

Cliquez ici pour prendre le quiz!

Statistiques générales

  • Ce quiz a été pris 486 fois
    (462 depuis la dernière actualisation)
  • Le résultat moyen est 7 sur 12

Statistiques - réponses

DisciplineNomVille% Correct
FootballChelsea FCLondres
97%
RugbyStade FrançaisParis
97%
Basket-ballLakersLos-Angeles
87%
MultisportGalatasarayIstanbul
82%
Basket-ballASVELLyon-Villeurbane
73%
FootballRiver PlateBuenos-Aires
71%
BaseballTexas RangersDallas
53%
MultisportPAOKThessalonique
44%
BaseballArizona DiamondbacksPhoenix
32%
FootballRed Star 93Saint-Ouen
25%
FootballOrlando PiratesJohannesburg
19%
HockeyCBR BraveCanberra
4%

Distribution des résultats

Percentile par nombre de réponses

% des personnes avec chaque résultat

Votre développement - résultats

Vous n’avez pas pris ce quiz depuis la dernière actualisation